000 01841nam a22001817a 4500
005 20151125152044.0
008 151125b xxu||||| |||| 00| 0 eng d
040 _aANE
041 _aEs
082 _aTV-1680
100 _aDonoso, Patricio
_easambleísta de CREO
245 _aPatricio Donoso, aprobación de enmiendas constitucionales será “un grave error” del oficialismo
260 _aQuito
_bTeleamazonas
_c2015-11-25
300 _ap.
520 _aEl asambleísta de Creo, Patricio Donoso, opinó sobre el paquete de enmiendas constitucionales que serán sometidas a segundo debate en las próximas semanas, a las que llamó “reformas” y que aseguró “representan un serio error que cometerá el oficialismo”. “Lo que el pueblo debe entender es que se van a aprobar reformas a sus espaldas”, enfatizó el legislador, que además recordó que la reelección indefinida es monárquica, según palabras de un referente de la izquierda latinoamericana, como lo es Mujica, aseveró. Para el asambleísta, también se debe poner mucha atención en todas las enmiendas, ya que poner a la comunicación como un servicio público o quitarle poder de control público a la Contraloría son también “graves errores”. “Poner a la comunicación como un servicio público, como si fuera agua potable, luz o teléfono, es intentar someterla (…) nada es mejor para un gobierno honesto que una prensa que investigue”, agregó. (Ecuador en Vivo)
650 _aenmiendas/Asamblea Nacional/movimiento CREO/Comisión Ocasional Enmiendas Constitucionales/Gobierno Nacional/transitoria/reelección indefinida/enmiendas constitucionales/reformas/error oficialismo/pueblo reformas espaldas/monarquía/referente de la izquierda latinoamericana/atención enmiendas/comunicación servicio público/
942 _2ddc
_cVM
_zIES.
999 _c31968
_d31968